000 00860cam a22002897a 4500
003 CHAP
005 20220817042030.0
008 971013s1954 r 00010 d
010 _a32462
011 _a33434
035 _a37549
040 _cCHAP
090 _aFolleto 5320
100 0 0 _aMatallana Ventura, Santiago.
_972891
245 1 3 _aEl aprisco, construcción necesaria
260 _aMadrid :
_bMinisterio de Agricultura,
_c1954
300 _a12 p.
_b: ilus
490 0 _aHojas divulgadoras
_v; 18-54
590 _aBATCH-UPD
_b10
_c20130110
_lUCH01
_h1500
590 _aCONVERSION
_b10
_c20130109
_lUCH01
_h1318
650 1 4 _aConstrucciones rurales.
_927378
650 1 4 _aGanado lanar
_xAlojamiento.
_945154
830 0 _aHojas divulgadoras
_v; 18-54
901 _aBK
942 _cFOLL
949 _aFolleto 5320
_bBC
_cFOLL
_d-86084
_eTS1
_i37549
_mD
_si
999 _c32462
_d32462